000 00559nam a22001817a 4500
008 150521b xxu||||| |||| 00| 0 eng d
020 _a0838512712
041 0 _aeng
080 _a61
100 1 _aTreseler, Kathleen Morrison.
245 1 0 _aClinical laboratory and diagnostic tests :
_cKathleen Morrison Treseler.
250 _a2nd ed.
260 _aNorwalk, Conn. :
_bAppleton & Lange,
_cc1988.
300 _a700 f. :
_bme il. ;
_c23 cm.
650 0 _aInfermieri
650 0 _aDiagnozë, Laborator
942 _2udc
_cBK
999 _c889
_d889